Flotaciones /

Gorde:
Xehetasun bibliografikoak
Egile nagusia: Castellón, Blanca, 1958-
Formatua: Ezezaguna
Hizkuntza:Spanish
Argitaratua: Managua, Nicaragua : Fondo de Promoción Cultural, 1998
Gaiak:
Etiketak: Etiketa erantsi
Etiketarik gabe, Izan zaitez lehena erregistro honi etiketa jartzen!

MARC

LEADER 000000000a22000000004500
001 010181
008 180220b xxu||||| |||| 00| 0 spa d
041 0 |a spa 
082 0 4 |a N861.4   |b C343f 
100 1 |a Castellón, Blanca,   |d 1958- 
245 1 0 |a Flotaciones /   |c Blanca Castellón. 
260 1 |a Managua, Nicaragua :   |b Fondo de Promoción Cultural,   |c 1998 
300 |a 208 páginas 
500 |a El libro con el número de inscripción 16033 se encuentra firmado por la autora 
650 4 |a LITERATURA NICARAGUENSE  |9 54 
650 4 |a POESIA  |9 159 
942 |c BK  |2 ddc 
999 |c 16014  |d 16014